书目信息 |
| 题名: |
中央空调新技术及其应用
|
|
| 作者: | 俞炳丰 主编 | |
| 分册: | ||
| 出版信息: | 北京 化学工业出版社工业装备与信息工程出版中心 2005.1 |
|
| 页数: | 473页 | |
| 开本: | 26cm | |
| 丛书名: | ||
| 单 册: | ||
| 中图分类: | TB657.2 | |
| 科图分类: | ||
| 主题词: | 集中空气调节系统--ji zhong kong qi tiao jie xi tong | |
| 电子资源: | ||
| ISBN: | 7-5025-6061-0 | |
| 000 | 00934nam0 2200241 450 | |
| 001 | CAL 012006036630 | |
| 005 | 20061031145234.14 | |
| 010 | @a7-5025-6061-0@dCNY65.00 | |
| 099 | @aCAL 012006036630 | |
| 100 | @a20060918d2005 em y0chiy0120 ea | |
| 101 | 0 | @achi |
| 102 | @aCN@b110000 | |
| 105 | @aak a 000yy | |
| 200 | 1 | @a中央空调新技术及其应用@Azhong yang kong tiao xin ji shu ji qi ying yong@f俞炳丰主编 |
| 210 | @a北京@c化学工业出版社工业装备与信息工程出版中心@d2005.1 | |
| 215 | @a473页@c图@d26cm | |
| 320 | @a有书目 | |
| 330 | @a本书介绍了目前应用在中央空调领域内的一些新技术、包括变制冷流量多联分体式空调技术、气流组织技术、变风量空调技术等内容。另外还介绍这些新技中央空调中的应用情况, 还指出了这些新技术进一步发展的研究方向。 | |
| 606 | 0 | @a集中空气调节系统@Aji zhong kong qi tiao jie xi tong |
| 690 | @aTB657.2@v4 | |
| 701 | 0 | @a俞炳丰@Ayu bing feng@4主编 |
| 801 | 0 | @aCN@c20061031 |
| 905 | @apdsgxy@dTB657.2@eY785 | |
| 中央空调新技术及其应用/俞炳丰主编.-北京:化学工业出版社工业装备与信息工程出版中心,2005.1 |
| 473页:图;26cm |
| ISBN 7-5025-6061-0:CNY65.00 |
| 本书介绍了目前应用在中央空调领域内的一些新技术、包括变制冷流量多联分体式空调技术、气流组织技术、变风量空调技术等内容。另外还介绍这些新技中央空调中的应用情况, 还指出了这些新技术进一步发展的研究方向。 |
| ● |
| 相关链接 |
|
|
|
正题名:中央空调新技术及其应用
索取号:TB657.2/Y785
 
预约/预借
| 序号 | 登录号 | 条形码 | 馆藏地/架位号 | 状态 | 备注 |
| 1 | 635144 | 206351446 | 自科库501/501自科库 18排4列1层/ [索取号:TB657.2/Y785] | 在馆 |